Statistics for NBA Teams By Clue

Click here to take the quiz!

General Stats

  • This quiz has been taken 7,478 times
  • The average score is 13 of 30

Answer Stats

HintAnswer% Correct
BearGrizzlies
87%
Very hotHeat
73%
WaspHornets
73%
Kind of MusicJazz
73%
Engine BuilderPistons
73%
SolidersWarriors
69%
MagicianWizards
68%
BirdHawk
66%
DeersBucks
61%
MisslesRockets
57%
Gold BarNuggets
52%
Big Noise in rainThunder
50%
CowsBulls
49%
EmperorsKings
48%
Giant PondLakers
44%
Wild horseMavericks
43%
Wild dogTimberwolves
43%
Light and heat sourcesSuns
37%
PantsKnicks
33%
KnightCavaliers
32%
ShearerClippers
30%
US foundation76ers
28%
Kind of leafCeltics
24%
Marks the way in the wildTrail Blazer
21%
RavensPelicans
20%
PedestrainsPacers
18%
Prey BirdRaptors
17%
GridsNets
14%
ImpetusSpurs
12%
TrickMagics
10%

Score Distribution

Percentile by Number Answered

Percent of People with Each Score

Your Score History

You have not taken this quiz